Capitales de la moda - 2020 - Estadísticas

Estadísticas generales
  • Esta prueba ha sido intentada 87 veces
  • La puntuación promedio es 15 de 30
Estadísticas de respuestas
Hint Respuesta % Correcto
4 París
100%
10 Madrid
95%
2 Londres
94%
9 Milán
94%
1 Nueva York
91%
5 Berlín
83%
17 Tokio
83%
6 Barcelona
79%
3 Los Ángeles
78%
30 Moscú
61%
16 Ámsterdam
60%
27 Buenos Aires
57%
23 Seúl
51%
26 Viena
49%
13 Singapur
42%
11 Florencia
40%
29 Estocolmo
38%
22 Shanghái
38%
7 Dubái
36%
20 Hong Kong
35%
14 Mónaco
32%
21 Praga
30%
25 Varsovia
27%
24 Bangkok
22%
12 Melbourne
22%
8 Las Vegas
19%
18 Santiago de Chile
6%
28 Portland (Oregon)
3%
19 Bali
1%
15 Mumbay
1%
No se encontraron pruebas coincidentes
Distribución de puntuación
Porcentaje de gente con cada puntuación
Porcentaje por número respondido
Historial de tus puntuaciones
No has intentado esta prueba.